| 000 | 00914nam a2200313 a 4500 | ||
|---|---|---|---|
| 003 | AR-BaBNM | ||
| 005 | 20251128205121.0 | ||
| 008 | 082120s2002 ||||||||||||||000 | spa|| | ||
| 040 | _cAR-BaBNM | ||
| 100 | 1 | _aUnamuno, Miguel de | |
| 245 | 0 | 0 | _aSan Manuel Bueno, mártir y tres historias más |
| 250 | _a8ª ed. | ||
| 260 |
_aMadrid _bEspasa-Calpe _c1972 |
||
| 300 | _a160 p. | ||
| 490 | 0 |
_aAustral _vv. 254 |
|
| 500 | _aContiene: La novela de don Sandalio, jugador de ajedrez, Un pobre hombre rico o el sentimiento cómico de la vida y Una historia de amor" | ||
| 500 | _aContiene prólogo del autor en p. 9-23 | ||
| 650 | 4 | _aLITERATURA ESPAÑOLA | |
| 650 | 4 | _aGUERRA CIVIL | |
| 650 | 4 | _aPROSA | |
| 650 | 4 | _aFILOSOFIA LITERARIA | |
| 650 | 4 | _aRELIGION | |
| 650 | 4 | _aTEOLOGIA | |
| 651 | 4 | _aEspaña | |
| 653 | _aGENERACION DE 1898 | ||
| 655 | _aLITERATURA | ||
| 942 | _cBK | ||
| 998 | _cisola | ||
| 999 |
_c10052 _d10052 |
||